000 00882nas a2200265 4500
001 BR0300196
003 BR-BrBNA
005 20231205103434.0
007 ta
008 230509b bl.|||p| |||| 00| 00por d
040 _aBR-BrBNA
_bpor
_cBiblioteca Nacional de Agricultura
041 _a(Pt)
072 _aF30
100 1 _aFarias Neto, J.T. de
100 1 _aVello, N.A.
245 1 _aAvaliação de progênies F4:3 e F5:3 e estimativas de parâmetros genéticos com ênfase para porcentagem de óleo, produtividade de grãos e óleo em soja
650 _aSOJA
650 _aPERFORMANCE
650 _aMELHORAMENTO GENÉTICO VEGETAL
650 _aPRODUTIVIDADE
650 _aPROGÊNIE
773 0 _tCiência e Agrotecnologia (Brazil)
_xISSN 1413-7054
_g(Jul-Ago 2001), v. 25(4) p. 812-820
_wBR0300196
909 _a202311
_bLúcia
_c55
_dLúcia Elande
942 _2AGRIS
_n0
_cANA
999 _c172862
_d172862